Welcome to CU Library Online Public Access Catalogue (OPAC)

BUSINESS ANALYSIS AND VALUATION (Record no. 8774)

MARC details
000 -LEADER
fixed length control field 00368nam a22001577a 4500
005 - DATE AND TIME OF LATEST TRANSACTION
control field 20260218174642.0
008 - FIXED-LENGTH DATA ELEMENTS--GENERAL INFORMATION
fixed length control field CU66
020 ## - INTERNATIONAL STANDARD BOOK NUMBER
International Standard Book Number 0538866195
050 ## - LIBRARY OF CONGRESS CALL NUMBER
Classification number HF 5681 PAL
100 ## - MAIN ENTRY--PERSONAL NAME
Personal name PALEPU,KRISHNA G.
245 ## - TITLE STATEMENT
Title BUSINESS ANALYSIS AND VALUATION
Remainder of title USING FINANCIAL STATEMENTS
300 ## - PHYSICAL DESCRIPTION
Extent XII,
500 ## - GENERAL NOTE
General note INDEX
700 ## - ADDED ENTRY--PERSONAL NAME
Personal name BERNARD,VICTOR L.
942 ## - ADDED ENTRY ELEMENTS (KOHA)
Source of classification or shelving scheme Library of Congress Classification
Koha item type Books
Suppress in OPAC No
999 ## -
-- 8774
-- 8774
Holdings
Withdrawn status Lost status Source of classification or shelving scheme Damaged status Not for loan Home library Current library Shelving location Date acquired Total checkouts Full call number Barcode Date last seen Price effective from Koha item type
    Library of Congress Classification     Graduate Library (Christ Temple) Graduate Library (Christ Temple) General stacks 02/18/2026   HF 5681 PAL gsct00002689 02/18/2026 02/18/2026 Books
    Library of Congress Classification     Graduate Library (Christ Temple) Graduate Library (Christ Temple) General stacks 02/18/2026   HF 5681 PAL gsct00002690 02/18/2026 02/18/2026 Books
    Library of Congress Classification     Graduate Library (Christ Temple) Graduate Library (Christ Temple) General stacks 02/18/2026   HF 5681 PAL gsct00002691 02/18/2026 02/18/2026 Books
    Library of Congress Classification     Graduate Library (Christ Temple) Graduate Library (Christ Temple) General stacks 02/18/2026   HF 5681 PAL gsct00002692 02/18/2026 02/18/2026 Books
© 2023-2024 Copyright: Central University Libraries. All Rights Reserved | Created by: Mahone Tech Office